00528nam a2200193Ia 450000500170000000800410001702000180005808200130007610000140008924500280010326000410013130000130017265000090018565000100019465000140020494200060021895200950022499900150031920241025054158.0240331s9999 xx 000 0 und d a9780143028727 bGOKa823 aGokhale,N 2aA Himalayan Love Story  aNew DelhibPenguin Books Indiac2002 a207 p ., aLove aStory aSexuality cL 001040708LaWERCLbWERCLcSSCd2024-03-31l0o 823 GOKp6737r2024-03-31w2024-03-31yL c5690d5690